| 000 | 00575nam a22002057a 4500 | ||
|---|---|---|---|
| 005 | 20211221091945.0 | ||
| 008 | 211221b ||||| |||| 00| 0 eng d | ||
| 020 | _a0312647417 | ||
| 040 | _cAL | ||
| 082 |
_223 _a338.9 _bJAYP |
||
| 100 |
_aB Jalan Ed _911958 |
||
| 245 | _aProblems and Policies in Small Economies | ||
| 260 |
_aLondon: _bCroom Helm, _c1982. |
||
| 300 |
_aiiii,275 p. _bHB _c22x14 cm. |
||
| 365 |
_b10.95 _c£ _d10.95 |
||
| 650 |
_aSmall Economic Condition _911954 |
||
| 650 |
_aEconomic Policy _911955 |
||
| 700 |
_aJALAN (B) Ed _911956 |
||
| 942 |
_2ddc _cGF |
||
| 999 |
_c220995 _d220995 |
||